000 00814nam a2200241 i 4500
001 74395
003 ES-MaACL
005 20230906172123.0
007 t|
008 040917s1987 sp ||||1| spa d
020 _a84-404-0741-6
100 1 _aGonzález-Guerrero, Antonio.
_958691
245 1 0 _aMemoria de la desesperanza /
_cAntonio González-Guerrero ; prólogo de Joaquín Benito de Lucas.
260 _aGuadalajara :
_bGrupo Enjambre :
_bAteneo Municipal,
_c1987.
300 _a55 p. ;
_c23 cm.
490 1 _aColección mayor ;
_v15
700 1 _aBenito de Lucas, Joaquín.
_927672
830 0 _aColección mayor ;
_v15
_9180348
852 _aES-MaACL
_jL-12516
_bR.114542
852 _aES-MaACL
_jL-12869
_bR.114543
852 _aES-MaACL
_j2138-F-20
_z.- Ded. ms. del autor
999 _c74395
_d74395